00550nam a22002057a 450000500170000001000130001702000100003003500130004003700160005304000120006908200130008110000180009424500470011226000380015927000400019730000230023750000410026065000330030165000100033420170124110033.0 aA-157600 c00.00 aA-157600 bCen Lib/Ret aDPLbEN a332bGRO aGroom, Arthur aHow money has developed /cby Arthur Groom aLondonbRoutledge and Paul c1958 bLondonaBroadway House, Carter Lane axi,128p.c20cm(Hb) aIncludes bibliographical references  aMoney -- Juvenile literature aMoney